000 01026nam a2200313Ia 4500
003 GCL
008 140319s9999 xx 000 0 ara d
040 _aGCL /
_cGCL
082 0 4 _aق
_b932
_bا ن
100 1 _aانطوان زكرى
245 1 0 _aالنيل فى عهد الفراعنة والعرب /
_cانطوان زكرى
250 _aالاولى
260 _aالقاهرة :
_bمكتبة مدبولى ،
_c1995
300 _a126 ص ؛
_c24 سم
490 _aصفحات من تاريخ مصر الفرعونية
_v0
650 0 4 _aمصر القديمة
650 0 4 _aالاساطير العربية
650 0 4 _aالحضارة الفرعونية
650 0 4 _aالنيل
650 0 4 _aالخراج
650 0 4 _aالاحتفالات العامة
650 0 4 _aفيضان النيل
650 0 4 _aمنابع النيل
650 0 4 _aالاساطير القديمة
650 0 4 _aالاساطير
650 0 4 _aمقياس النيل
650 0 4 _aالنيل فى الادب
942 _2ddc
_cBK
999 _c37227
_d37227